[Event "Petropolis op"]
[Site "Petropolis"]
[Date "2012.01.29"]
[Round "5"]
[White "Martins, Anderson Donay"]
[Black "Da Silva, Daniel Antonio"]
[Result "1/2-1/2"]
[WhiteElo "1942"]
[BlackElo "1810"]
[PlyCount "21"]
[EventDate "2012.01.27"]
[EventType "swiss"]
[EventRounds "6"]
[EventCountry "BRA"]
[SourceTitle "CBM 146 Extra"]
[Source "ChessBase"]
[SourceDate "2012.02.29"]
[SourceVersion "1"]
[SourceVersionDate "2012.02.29"]
[SourceQuality "1"]

1. e4 e5 2. Nc3 Nc6 3. f4 d6 4. Nf3 Nge7 5. Bb5 a6 6. Bxc6+ bxc6 7. 0-0 d5 8. b3 Ng6 9. d3 Bd6 10. Ne2 0-0 11. Qe1 1/2-1/2

[Event "Petropolis op"]
[Site "Petropolis"]
[Date "2012.01.27"]
[Round "2"]
[White "Da Silva, Daniel Antonio"]
[Black "Amaral, Rogerio Einloft"]
[Result "0-1"]
[WhiteElo "1810"]
[BlackElo "1890"]
[PlyCount "68"]
[EventDate "2012.01.27"]
[EventType "swiss"]
[EventRounds "6"]
[EventCountry "BRA"]
[SourceTitle "CBM 146 Extra"]
[Source "ChessBase"]
[SourceDate "2012.02.29"]
[SourceVersion "1"]
[SourceVersionDate "2012.02.29"]
[SourceQuality "1"]

1. e4 c6 2. c3 d5 3. e5 Bf5 4. d4 e6 5. Nf3 h6 6. Bd3 Ne7 7. Nh4 Bxd3 8. Qxd3 Qb6 9. b4 a5 10. a3 axb4 11. cxb4 g5 12. Nf3 Nf5 13. Bb2 c5 14. g4 c4 15. Qd2 Ne7 16. Nc3 Ng6 17. Ne2 Nc6 18. h4 gxh4 19. Nxh4 Qd8 20. Nxg6 fxg6 21. Nf4 g5 22. Nxe6 Qd7 23. Nxf8 Qxg4 24. Qe3 Kxf8 25. Kd2 Ke7 26. Rag1 Qf5 27. Rh5 Raf8 28. Rg2 Qg6 29. Rgh2 Rf4 30. b5 Qb1 31. Kc3 Nxd4 32. f3 Rxf3 33. Kxd4 Rxe3 34. Kxe3 Qd3+ 0-1